000 00314 a2200157 4500
001 178576
020 _a
040 _cMagnum
100 _aPaciornik,celso Mauro
240 1 0 _aA arvore
_lpor
245 1 0 _aA arvore
362 0 _a1899
440 1 _aMelhoramentos
697 _aMAGNITO: BOTANICA
942 _cBK
999 _c178576
_d178576